Угадай текст песни: Земфира — «Лондон» - Statistics

General Stats
  • This quiz has been taken 10 times
  • The average score is 33 of 72
Answer Stats
Answer % Correct
я
90%
Я
90%
В
80%
по
80%
Лондона,
70%
Мы
70%
не
70%
ты
70%
и
70%
Не
70%
Мне
60%
приснилось
60%
небо
60%
нём
60%
приснился
60%
долгий
60%
поцелуй,
60%
же
60%
на
60%
мост,
60%
Но
60%
до
60%
летели
50%
вовсе
50%
держась.
50%
Кто
50%
из
50%
нас
50%
первый
50%
упадёт
50%
Тауэрский
50%
вот
50%
никто.
50%
Утром,
40%
узнаю
40%
утром,
40%
узнаешь
40%
позже,
40%
нет.
40%
там
40%
утром
40%
узнаю,
40%
утром,
40%
таких
40%
зверь-одиночка,
40%
заметит
40%
точки,
40%
Вдребезги
30%
Этих
30%
слов
30%
дороже
30%
ничего
30%
гуляли
30%
облакам,
30%
Притворились
30%
лондонским
30%
дождём.
30%
вместе
30%
Промахнусь,
30%
ночью,
30%
считаю
30%
шажочки
30%
последней
30%
Побежали
30%
летать.
30%
Моросили
20%
асфальт
20%
Без
20%
звоночков,
20%
Всё
20%
тот
20%
свихнусь
10%
No matching quizzes found
Score Distribution
Percent of People with Each Score
Percentile by Number Answered
Your Score History
You have not taken this quiz